00963nam a2200241 a 450000100100000000500170001000800410002702000180006804000250008608200210011110000330013224501570016526000620032230000210038449000300040550000730043550400320050865000190054065000500055965000250060965000550063483000320068900003613120200930074914.0111214s2011 dr 001 0 spa d a9789993446156 aDO-SdBNPbspacBNPHU a467.97293bM316d1 aMarchena Segura, Ana,d1965-13aLa doble negación del español dominicano :bla interfaz lingüística, dialectal y social /cAna Marchena Segura; prólogo Luis A. Ortiz López. aSanto Domingo :bAcademia Dominicana de la Lengua,c2011. a160 p. ;c24 cm.1 aTemas lingüísticosv5 aIncluye datos biográficos de la autora en la solapa de la cubierta aBibliografía : p. 127-139 4aDominicanismos 4aEspañol en república dominicanaxHistoria 4aEspañolxGramatica 4aEspañolxProvincialismoszRepública Dominicana 0aTemas lingüísticos ;n5